Priemysel SR a jeho dopad na životné prostredie

Pozitívne trendy v environmentálnej účinnosti priemyslu sa prejavujú vo využívaní povrchových a podzemných vôd v priemysle, pri vypúšťaných odpadových vodách z priemyslu. Negatívny vývoj v environmentálnej účinnosti priemyslu sa prejavuje v oblasti množstva vyprodukovaných odpadov uvedeným rezortom....

Ausführliche Beschreibung

Gespeichert in:
Bibliographische Detailangaben
1. Verfasser: Urblíková, Daniela
Format: Buchkapitel
Sprache:Slowakisch
Schlagworte:
Tags: Tag hinzufügen
Keine Tags, Fügen Sie das erste Tag hinzu!

MARC

LEADER 00000naa$a2200000$$$4500
001 0049316
005 20240502071553.5
041 0 |a slo 
044 |a SK 
245 1 0 |a Priemysel SR a jeho dopad na životné prostredie  |c Daniela Urblíková 
520 |a Pozitívne trendy v environmentálnej účinnosti priemyslu sa prejavujú vo využívaní povrchových a podzemných vôd v priemysle, pri vypúšťaných odpadových vodách z priemyslu. Negatívny vývoj v environmentálnej účinnosti priemyslu sa prejavuje v oblasti množstva vyprodukovaných odpadov uvedeným rezortom. V porovnaní s ostatnými krajinami EÚ je environmentálna účinnosť na Slovensku stále nízka. 
610 2 0 |a priemysel 
610 2 0 |a politika priemyselná 
610 2 0 |a rozvoj trvalo udržateľný 
610 2 0 |a prostredie životné 
610 2 0 |a voda povrchová 
610 2 0 |a voda podzemná 
610 2 0 |a palivá 
610 2 0 |a energia 
610 2 0 |a teplo 
610 2 0 |a odpad 
610 2 0 |a produkcia 
100 1 |a Urblíková, Daniela